000 00285nam a22001457a 4500
003 SGT
082 _a611
_bM06S
100 _aSADLER, T.W.
245 _aLANGMAN'S MEDICAL EMBRIOLOGY
250 _a12
260 _c2006
300 _a384
650 _aHUMAN ANATOMY
942 _2ddc
_cBK
999 _c32760
_d32760